وثائق التعليم العالى فى مصر خلال القرن التاسع عشر .مج 1 / (Record no. 8164)
[ view plain ]
| 000 -الفاتح | |
|---|---|
| حقل البيانات ثابتة الطول | 00999nac a22001811u 4500 |
| 008 - عناصر البيانات ثابتة الطول - معلومات عامة | |
| حقل البيانات ثابتة الطول | 101123s2004 xxu||||| |||| 00| 0 ara d |
| 020 ## - الرقم الدولى المعيارى للكتب | |
| الرقم الدولى المعيارى للكتاب | 9771803301 |
| 082 ## - رقم تصنيف ديوى العشرى | |
| رقم التصنيف | 378.62 |
| رقم المادة | ت ع ل |
| 245 ## - بيان العنوان | |
| العنوان | وثائق التعليم العالى فى مصر خلال القرن التاسع عشر .مج 1 / |
| بيان المسئوليه,etc | فاتن على حسن ، عبد السلام محمود عبد الرحمن ، أيمن أحمد محمد محمود ؛ دراسة وإشراف عبد المنعم إبراهيم الجميعي الجميعي |
| 260 ## - PUBLICATION, DISTRIBUTION, ETC. (IMPRINT) | |
| مكان الناشر او الموزع | القاهرة : |
| اسم الناشر او الموزع | مطبعة دار الكتب والوثائق القومية ،2004 |
| تاريخ النشر أو التوزيع | 2004. |
| 300 ## - الوصف المادى | |
| التعداد | 774 ص : |
| تفاصيل ماديه اخرى للوعاء | ايض ؛ |
| أبعاد الوعاء | 32 سم. |
| 511 ## - | |
| -- | Catalogued by: Sara |
| 650 ## - المدخل الاضافى بالموضوع-مصطلح موضوعى | |
| مصطلح موضوعي أو اسم جغرافي كعنصر مدخل | التعليم العالي |
| 9 (RLIN) | 21526 |
| التقسيم الفرعي الجغرافي | مصر |
| 700 ## - المدخل الاضافى - اسم شخصى | |
| الإسم الشخصى | الجميعى ، عبد المنعم إبراهيم |
| 9 (RLIN) | 21259 |
| الدور | دراسة وإشراف |
| 700 ## - المدخل الاضافى - اسم شخصى | |
| الإسم الشخصى | حسن ، فاتن على |
| 9 (RLIN) | 21258 |
| 700 ## - المدخل الاضافى - اسم شخصى | |
| الإسم الشخصى | محمود، أيمن أحمد محمد |
| 9 (RLIN) | 21528 |
| 942 ## - عناصر المدخل الإضافي( كوها) | |
| Koha [default] item type | Book - Borrowing |
| سابقة رقم الطلب | 378.62 ت ع ل |
| مصدر التصنيف او مخطط الترفيف | Dewey Decimal Classification |
| حالة التراجع | حالة الفقد | مصدر التصنيف او خطة الترفيف | حالة تلف | ليس للاعارة | مجموعات كوها | المكان الدائم | المكان الحالي | موقع الترفيف | تاريخ الاكتساب | Source of acquisition | رقم الاستدعاء | الباركود | Date last seen | التكلفة | نوع الوعاء | تبصرة عامة |
|---|---|---|---|---|---|---|---|---|---|---|---|---|---|---|---|---|
| Dewey Decimal Classification | Central Library | Central Library | First floor | 16/12/2010 | 378.62 ت ع ل | 000010073 | 15/07/2025 | 40.00 | Book - Borrowing | المجلد الأول |